000 00337nam a2200121Ia 4500
008 220214s9999 xx 000 0 und d
100 _aBersis D
245 0 _aSurface effects in the production of ozone in the silent discharge
260 _bJournal of Chemical Physics
_c1964
300 _a1997-2002
700 _aKatakis D
942 _cRE
999 _c45950
_d45950